Normal view
MARC view
- WONDER HOUSE
Entry Personal Name
001 - CONTROL NUMBER
- control field: 7605
003 - CONTROL NUMBER IDENTIFIER
- control field: OSt
005 - DATE AND TIME OF LATEST TRANSACTION
- control field: 20221031122341.0
008 - FIXED-LENGTH DATA ELEMENTS
- fixed length control field: 221031|| aca||aabn | a|a d
040 ## - CATALOGING SOURCE
- Original cataloging agency: OSt
- Transcribing agency: OSt
100 ## - HEADING--PERSONAL NAME
- Personal name: WONDER HOUSE
670 ## - SOURCE DATA FOUND
- Source citation: Work cat.: (OSt)12113: WONDER HOUSE, WORLD'S GREATEST MUSICIANS, 2019